Quizzes
Events
Quiz Creation
Community
Videos
Private Events
Remove Ads
Sign In
Join for FREE
Feedback
Dark Mode
Quiz Categories
Sports
Geography
Music
Movies
Television
Just For Fun
Miscellaneous
History
Literature
Language
Science
Gaming
Entertainment
Religion
Holiday
For Kids
Quiz Lab
Recent
Popular Today
Quiz Kudos Today
Editor Picks
Curator Picks
Quizzes by...
Day
Popularity
Type
Ratings
Length
Year
Community
Subscriptions
Recent Discussions
Orange Saloon
Badges
Playlists
Quests
Create
Leaderboards
Showdown
Live 5
Trivia Bingo
Activity
Puzzle Library
Sporcle Events
Private Events
Virtual Trivia
Globe League
Become a Host
Pub Owners
SporcleCon
Opinionation
Our Games
Videos
Blog
Mobile Apps
Partnerships
Remove Ads and Go Orange
Feedback
Television
TV Characters
TV Show
Sitcom
Network
Friends
Reality Shows
Cast
South Park
Star Trek
The Simpsons
Doctor Who
Television
TV Characters
TV Show
Sitcom
Network
Friends
Reality Shows
Cast
South Park
Star Trek
The Simpsons
Doctor Who
Random Quiz
Search Sporcle
×
Quiz Lab
Quiz Lab
Television
Riverdale
Type in answers that appear in a list
Type in answers that appear in a list
Classic
Best Score? Go Orange.
Riverdale Characters Stats
Can you name the Riverdale Characters?
By
ezbez3
13m
36 Questions
1,385 Plays
1,385 Plays
1,385 Plays
Comments
Comments
Give Quiz Kudos
Give Quiz Kudos
-
- Ratings
hide this ad
Replay
Link that replays current quiz
Next Quiz
Link to next quiz in quiz playlist
You Got
0%
They Got
Avg Score
58%
Avg Friend Score
Upgrade to see
Score Distribution
Jump to the score distribution portion of the page
Score
0/36
Timer
13:00
0
Plays Today
% Correct
Betty Cooper
97.4%
Archie Andrews
96.7%
Jughead Jones
95.5%
Veronica Lodge
95.4%
Alice Cooper
88.7%
Cheryl Blossom
88.2%
FP Jones
84.7%
Jason Blossom
84.5%
Hal Cooper
83.3%
Fred Andrews
81.6%
Kevin Keller
81.5%
Hermione Lodge
80.1%
Polly Cooper
79.8%
Josie McCoy
75.3%
Penelope Blossom
74.2%
Clifford Blossom
71.3%
Mary Andrews
64.7%
Sheriff Keller
62.2%
% Correct
Reggie Mantle
60.6%
Ethel
51.8%
Valerie Brown
50.3%
Sierra McCoy
46.7%
Pop Tate
44.9%
Geraldine Grundy
43.6%
Melody Valentine
43.3%
Moose Mason
41.6%
Joaquin
40%
Smithers
31.9%
Dilton Doiley
31.2%
Trev Brown
22%
Coach Clayton
21.8%
Ginger Lopez
20.3%
Tina Patel
19.9%
Mr Weatherbee
16%
Oscar Castillo
8.8%
Grandma Rose
8.2%
Quiz Playlist
Details
Report
Send in Message
Add To Playlist
Classic:
Type in answers that appear in a list
Last Updated: May 14, 2017
Quiz Scoreboard
CHALLENGE
Sign Up to Join the Scoreboard
Show All
Scores
Hide
Comments
May contain spoilers
Recently Published
An Introduction to Baseball
by treessimontrees
Sports
5m
Movies - When Are They Set?
by FPL_Elf
Movies
5m
Popular People in 1961
by mucciniale
History
6m
More to Explore
Quiz From the Vault
Featured Blog Post
Where Did the Easter Bunny Come From?
hide this ad
You Might Also Like...
Tags
Riverdale
Today's Top Quizzes in Television
Browse Television
hide this ad
Today's Top Quizzes in Riverdale
Browse Riverdale
Top Contributed Quizzes in Television
1
One Piece Logic Puzzle
2
Survivor Logic Puzzle: Heroes vs. Villains
3
5-to-1: The Simpsons Families
4
Survivor Seasons
5
Survivor Season by Logo
6
5-to-1: Television Doctors
7
7-to-1: TV Show Settings
8
One Thing in Common: Television
9
Survivor Trivia
10
5-to-1: Streaming Originals
Explore More
Trending Topics
Anime
NBA
Harry Potter
Marvel
Kpop
Crossword
Disney
Pokémon
NFL
Song
The Office
WWE
Country
Soccer
Puzzle
hide this ad
More By:
ezbez3
Quiz
Plays
Rating
Category
Featured
Created
Riverdale Characters
1,385
Television
May 14, 2017
Riverdale 'Kids in America' Lyrics
1,182
Television
May 13, 2017
Riverdale Veronica 'Archiekins' Quotes
975
1.00
Television
May 14, 2017
Go to Creator's Profile
Score Distribution
Quiz Creator Spotlight
ezbez3
Follow
Send a Message
Quizzes Created
-
Created Quiz Play Count
-
More By This Creator
Popular Quizzes Today
1
Find the Countries of Europe - No Outlines Minefield
2
Find the US States - No Outlines Minefield
3
The Countries of the World
4
Popular People in 1961
5
US States
6
Find the US States
7
1-10 Letter E Words III
8
Risky Map Clicking: Biggest States A-Z
More Television Quizzes
Iconic TV Duos II
Published
Trending Quizzes
Risky Map Clicking: Least Populous States A-Z
1-10 Letter F Words
1-10 Letter G Words
One Thing in Common: United Kingdom
Not Quite an Element Typing Challenge
Recently Updated
Leaping Animals
pecheneg
Reality TV Shows (A-Z)
bhenderson79
Rickey Henderson's Hall of Fame Teammates
pecheneg
Champions League XIs: Arsenal
pecheneg
Quick Pick: Celebrities in WWE's Hall of Fame
aduchscher
A-Z Keypad Blitz II
pecheneg
Multiple Oscar Actors
pecheneg
Mystery Phrase Blitz: Oscar 'Best Actors'
pecheneg
F. Scott Fitzgerald Novels
LTH
Pick 3 Villains
ddd62291
Trending Topics
Disney
Harry Potter
Anime
Kpop
Marvel
NBA
Crossword
Song
Pokémon
WWE
NFL
Country
Puzzle
Soccer
The Office
Your Account Isn't Verified!
In order to create a playlist on Sporcle, you need to verify the email address you used during registration. Go to your
Sporcle Settings
to finish the process.
Report this User
Report this user for behavior that violates our
Community Guidelines
.
Details:
Send Report
Go to the Sporcle.com Mobile Site →
Comments